• 首页
  • 本馆介绍
  • 公告通知
  • 最新文献
  • 馆藏检索
  • 电子资源
  • 读者导购
  • 参考咨询
  • 我的图书馆
  • 登录
  • 详细信息显示
  • 放入我的书架
  • 预约/预借图书
  • 作者相关作品
  • 分类相关作品
  • 丛书相关作品
  • 出版社相关作品

书目信息

  • 表格格式
  • 工作单格式
  • 卡片格式
题名:
机械测量技术
    
 
作者: 袁周华
分册:  
出版信息: 北京   中国环境科学出版社  2016.03
页数: 159页
开本: 26cm
丛书名:
单 册:
中图分类: TG801
科图分类:
主题词: 公差 , 技术测量 , 机械量仪 , 量具
电子资源:
ISBN: 978-7-5111-2601-6
000 00658nam0 2200241 450
001 3483
005 20160926154039.32
010    @a978-7-5111-2601-6@b平装@dCNY19.00
100    @a20151001d2016 km y0chiy0120 ea
101 0  @achi
102    @aCN@b110000
200 1  @a机械测量技术@Aji xie ce liang ji shu@f袁周华@Fyuan zhou hua
210    @a北京@c中国环境科学出版社@d2016.03
215    @a159页@d26cm
330    @a技术测量·高等职业教育·教材
606 0  @a公差
606 0  @a技术测量
606 0  @a机械量仪
606 0  @a量具
690    @aTG801@v4
701  0 @a袁周华@Ayuan zhou hua
801  0 @aCN@b唐山师范学院图书馆@c20151001
905    @aZUCC@dTG801@e18
    
    机械测量技术/袁周华.-北京:中国环境科学出版社,2016.03
    159页;26cm
    
    
    ISBN 978-7-5111-2601-6(平装):CNY19.00
    技术测量·高等职业教育·教材
●
相关链接 在E读中查询图书 在五车中查询图书 在当当中查询图书 在豆瓣中查询图书


正题名:机械测量技术     索取号:TG801/18         预约/预借

序号 登录号 条形码 馆藏地/架位号 状态 备注
1 905006   209050060   第二样本阅览室/ [索取号:TG801/18] 在馆    
2 905007   209050079   第三借阅区/ [索取号:TG801/18] 在馆    
3 905008   209050088   第三借阅区/ [索取号:TG801/18] 在馆    
4 905009   209050097   第三借阅区/ [索取号:TG801/18] 在馆    
5 905010   209050104   第三借阅区/ [索取号:TG801/18] 在馆    
唐山师范学院图书馆 欢迎您!
大连网信软件有限公司© 版权所有